00348nam a2200121Ia 4500008004100000041001200041082002100053100006600074245003700140260002500177300000800202650001600210231217s9999 xx 000 0 und d aEnglish a158.1 DOU1 `R' aDouglas, Mack R Beaver, Phyllis For. Nagy, Wayne A For. etc 0aHow to win with high self-esteem c1994bUBSPD, N.Delhi a206 aSelf esteem